| 000 | 00780nam a2200277Ia 4500 | ||
|---|---|---|---|
| 008 | 160803s9999 xx 000 0 und d | ||
| 020 | _a9780590464642 | ||
| 100 | _aEmberley, Rebecca | ||
| 245 | _aTaking a walk : | ||
| 245 | _cRebecca Emberley. | ||
| 260 | _aNew York : | ||
| 260 | _bScholastic Inc. | ||
| 260 | _c1990 | ||
| 300 | _a1 volume (unpaged) : | ||
| 300 | _bcolor illustrations ; | ||
| 300 | _c23 x 25 cm | ||
| 650 | _aEnglish language -- | ||
| 650 | _aPicture dictionaries, English. | ||
| 650 | _aPicture dictionaries, Spanish. | ||
| 650 | _aSpanish language -- | ||
| 650 | _aSpanish language materials -- | ||
| 650 | _xBilingual. | ||
| 650 | _xGlossaries, vocabularies, etc. | ||
| 650 | _xGlossaries, vocabularies, etc. | ||
| 700 | _aBR | ||
| 999 |
_c298174 _d298174 |
||